000 00596nam a2200229Ia 4500
003 OSt
005 20220928112258.0
006 a|||||r|||| 00| 0
007 ta
008 220927b |||||||| |||| 00| 0 eng d
024 _a48723
037 _cTextual
040 _aSDCL
_cSDCL
_beng
041 _2eng
_aeng
082 _aV73'M15<-L89, L0
100 _aMiller John C
_9427168
245 0 _aYoung republic
260 _aNew York
_b The Free Press
_c1970
300 _aix,308p
_ccm.
942 _hV73'M15<-L89, L0
_cTEXL
_2CC
999 _c744019
_d744019